Największe miasta nad Wielkimi Jeziorami w Ameryce Północnej - Statystyki

Ogólne statystyki
  • Ten quiz został rozwiązany 58 razy
  • Średni wynik to 5 z 20
Statystyki odpowiedzi
Populacja Miasto % Poprawnych
9 504 753 Chicago
98%
5 583 064 Toronto
93%
4 285 832 Detroit
89%
2 068 283 Cleveland
58%
1 562 216 Milwaukee
47%
1 134 039 Buffalo
42%
650 266 Toledo
20%
280 985 Erie
15%
392 184 Saint Catharines / Niagara
13%
721 053 Hamilton
11%
319 246 Windsor
11%
309 469 Green Bay
9%
1 055 278 Rochester
9%
279 815 Duluth
7%
159 561 Kingston
5%
356 177 Oshawa
5%
171 302 Muskegon
2%
195 388 Racine
2%
156 941 Benton Harbor
0%
266 300 Holland / Grand Haven
0%
Nie znaleziono quizów pasujących do podanych kryteriów
Rozkład punktacji
Procent ludzi z każdym wynikiem
Percentyl według liczby udzielonych odpowiedzi
Twoja historia wyników
Nie rozwiązałeś tego quizu